ბათუმის შოთა რუსთაველის სახელმწიფო უნივერსიტეტის ბიბლიოთეკა

ეთნოარქეოლოგიური ეტიუდები. (ბიბ.ჩანაწერი № 36676)

000 -LEADER
fixed length control field 00732nam a2200241Ia 4500
001 - CONTROL NUMBER
control field 2603
003 - CONTROL NUMBER IDENTIFIER
control field GE_BSU
008 - FIXED-LENGTH DATA ELEMENTS--GENERAL INFORMATION
fixed length control field 181216s||||||||xx |||||||||||||| ||und||
020 ## - INTERNATIONAL STANDARD BOOK NUMBER
International Standard Book Number 5520004692
040 ## - CATALOGING SOURCE
Transcribing agency GE_BSU
080 ## - UNIVERSAL DECIMAL CLASSIFICATION NUMBER
Universal Decimal Classification number 39(479.22)
100 ## - MAIN ENTRY--PERSONAL NAME
Personal name ჩიქოვანი, თ.
245 ## - TITLE STATEMENT
Title ეთნოარქეოლოგიური ეტიუდები.
245 ## - TITLE STATEMENT
Statement of responsibility, etc. რედ.თ მიქელაძე.
260 ## - PUBLICATION, DISTRIBUTION, ETC.
Place of publication, distribution, etc. თბილისი
260 ## - PUBLICATION, DISTRIBUTION, ETC.
Name of publisher, distributor, etc. მეცნიერება
260 ## - PUBLICATION, DISTRIBUTION, ETC.
Date of publication, distribution, etc. 1989
300 ## - PHYSICAL DESCRIPTION
Extent 87გვ.21სმ
520 ## - SUMMARY, ETC.
Summary, etc. რეზ. რუს. ენ
653 ## - INDEX TERM--UNCONTROLLED
Uncontrolled term ეთნოარქეოლოგიური ეტიუდები
942 ## - ADDED ENTRY ELEMENTS (KOHA)
Koha item type წიგნი
ეგზემპლარები
Withdrawn status Lost status Damaged status Not for loan Date acquired Barcode Date last seen Price effective from Koha item type
        2018-12-17 1268 2018-12-17 2018-12-17 წიგნი